01636nam a2200445 i 450000100060000000300080000600500170001400600190003100700150005000800410006502000280010603500220013404000310015605000250018708000070021208200140021910000270023324501220026026400530038230000530043533600310048833700330051933800430055249000120059550000220060750400290062958800830065859001620074160000340090360000330093765000140097065000150098465000250099965000280102465500270105279700180107983000130109785600630111099900170117331689FINmELB20241216220659.0m o d | cr cnu||||||||180111s2015 sp ob 001 0 spa d a9788433037282q(e-book) a(OCoLC)1145088551 aFINmELBbspaerdacFINmELB 4aBT590.S65bC114 2015 a240 a248.22231 aCabestrero, Teófilo.10aJesús, el hombre que ama como Dios :bvivir hoy la condición humana al estilo de Jesús /cTeófilo Cabestrero. 1aBilbao :bEditorial Desclée de Brouwer,c2015. a1 recurso en línea (123 páginas sin numerar) atextobtxt2rdacontent/spa acomputadorabc2rdamedia/spa arecurso en líneabcr2rdacarrier/spa1 aCaminos aIncluye índice. aContiene bibliografía. aDescripción basada en metadatos suministrados por el editor y otras fuentes. aRecurso electrónico. Santa Fe, Arg.: elibro, 2020. Disponible vía World Wide Web. El acceso puede estar limitado para las bibliotecas afiliadas a elibro.00aJesus ChristxSpiritual life.04aJesucristoxVida espiritual. 0aHumanism. 4aHumanismo. 0aSpiritual direction. 4aDirección espiritual. 4aLibros electrónicos.2 aelibro, Corp. 0aCaminos.40uhttps://elibro.net/ereader/politecnicointernacional/115875 c31689d31689